00693nam a2200205 a 450000100100000000500170001000800410002704000250006808200200009310000330011324500770014626000530022330000280027649000140030450000520031865100420037065100260041265100350043883000140047300002175620200930011434.0100910s1972 sp r 000 | spa d aDO-SdBNPbspacBNPHU a304.6046bC198a1 aCampo Urbano, Salustiano Del10aAnálisis de la población de España /cSalustiano del Campo Urbano. aBarcelona, (España) :bEdiciones Ariel,c1972. a192 p. :bil. ;c18 cm.1 aArielv79 aIncluye índice de cuadros, mapas y gráficos 4aEspañaxPoblaciónxEstadísticas 4aEspañaxPoblación 4aEspañaxCondiciones Sociales 0aArielv79